| 000 | 00828 a2200205 4500 | ||
|---|---|---|---|
| 008 | 080820t xxu||||| |||| 00| 0 eng d | ||
| 010 | _aENG-84825 | ||
| 020 |
_a8176298522 _c480.00 |
||
| 035 | _aEN-68358 | ||
| 037 | _bD.B.Act / Pub | ||
| 082 | _a658.403 | ||
| 100 | _aPavleen | ||
| 245 |
_aConsumer decision-making _cby Pavleen |
||
| 260 |
_aNew Delhi _bDeep & Deep Publications _c2006. |
||
| 270 |
_aF-159, Rajouri Garden, _bNew Delhi _cDelhi _e110027 _mddpbooks@yahoo.co.in _k25435369, 25440916 |
||
| 300 |
_axi, 227 p. ; _c22 cm. (Hb) |
||
| 500 | _aIncludes bibliographical references and index | ||
| 942 |
_adpl _cEN _k658.403 / PAV _2ddc _h658.403 _m PAV |
||
| 999 |
_c484 _d484 |
||